000 00793cab a2200241 4500
001 WB2902-27
008 090401t1993 xxu||||| |||| 00| 0 eng d
035 _a(Sirsi) u25510
041 _aeng
245 _aAccess to woodlands
260 _c1993
350 _a0
490 _aEstates Gazette
_v(9301) 9 January 1993, 92(1)
520 _aThe sale of more than 150,000 ha of Forestry Commission land, has resulted in a diminution of public access to woodland in Britain according to the Ramblers Association in evidence to the HC Environment Committee.
650 _aACCESS
650 _aFORESTRY COMMISSION
650 _aLAND SALES
650 _aRIGHT OF ACCESS
690 _aCONSERVATION
690 _aHIGHWAYS RIGHTS OF WAY AND EASEMENTS
942 _n0
948 _c04/03/1997
999 _c17133
_d17133